| 000 | 01504cam a2200349 i 4500 | ||
|---|---|---|---|
| 001 | 17919793 | ||
| 003 | OSt | ||
| 005 | 20180117085954.0 | ||
| 008 | 131028s2013 pk a 000 0 eng | ||
| 010 | _a 2013352847 | ||
| 020 | _a9789699225154 | ||
| 025 | _aP-E-2013352847; 28 | ||
| 037 |
_bLibrary of Congress -- Islamabad Overseas Office _cRs 695.00 |
||
| 040 |
_aDLC _beng _cDLC _erda _dDLC |
||
| 042 |
_alcode _apcc |
||
| 043 | _aa-af--- | ||
| 050 | 0 | 0 |
_aDS371.2 _b.G43 2013 |
| 100 | 1 |
_aGhazi, Mahmood Ahmed, _d1947- |
|
| 245 | 1 | 0 |
_aAfghan war & the Stinger saga : _bhow the air battle was fought and won in Afghanistan / _cLt. Col. (R) Mahmood Ahmed Ghazi T. Bt. |
| 246 | 3 | _aAfghan war and the Stinger saga | |
| 260 |
_aLahore _bAhmad publications _c2013 |
||
| 300 |
_a133 pages : _bcolor illustrations, _c24 cm |
||
| 650 | 0 |
_aMilitary assistance, American _zAfghanistan. |
|
| 650 | 0 | _aStinger (Missile) | |
| 651 | 0 |
_aAfghanistan _xHistory _ySoviet occupation, 1979-1989. |
|
| 856 | 4 | 1 |
_3Table of contents only _uhttp://www.loc.gov/catdir/toc/fy13pdf06/2013352847.html |
| 906 |
_a7 _bcbc _corigode _d3 _encip _f20 _gy-gencatlg |
||
| 942 |
_2ddc _cBK |
||
| 999 |
_c2986 _d2986 |
||